000 01205cab a2200229 4500
001 ABS55370
008 090401t1996 xxu||||| |||| 00| 0 eng d
035 _a(Sirsi) u16021
041 _aeng
100 _aSmith, R.E.
245 _aAvoiding Part II of the Landlord and Tenant Act 1954
260 _c1996
350 _a0
490 _aProperty Management
_v14(2) 1996, 29-34(6)
520 _aExamines the various options for avoidance, the provisions of the Act, the relevant case law, and the traps which may beset landlords hoping to avoid the Act. Also describes how parties may inadvertently fall within the Act and how this can be avoided. Recommends appropriate means of avoidance according to circumstances, and indicates what avoidance devices are not safe to use. Aims to assist landlords and their agents who wish to grant commercial occupation rights outside the Act, and to tenants and their agents who wish to know the effect of the various avoidance measures.
650 _aBUSINESS TENANCIES
650 _aLANDLORD AND TENANT ACT 1954 PART II
650 _aLANDLORD AND TENANT ACT 1954
690 _aLANDLORD AND TENANT-BUSINESS TENANCIES
942 _n0
948 _c04/03/1997
999 _c10537
_d10537